The Status of women in Siaha District of Mizoram: A Historical Appraisal (Record no. 23500)

MARC details
000 -LEADER
fixed length control field 00332nam a22001337a 4500
082 ## - DEWEY DECIMAL CLASSIFICATION NUMBER
Classification number 305.40954
Author Cutter SAN
100 ## - MAIN ENTRY--AUTHOR NAME
Author name San Hla Kyaw
245 ## - TITLE STATEMENT
Title The Status of women in Siaha District of Mizoram: A Historical Appraisal
260 ## - PUBLICATION, DISTRIBUTION, ETC. (IMPRINT)
Place of publication Hyderabad
Name of publisher ARRC
Year of publication 2024
300 ## - PHYSICAL DESCRIPTION
Number of Pages 61
650 ## - SUBJECT ADDED ENTRY--TOPICAL TERM
Topical Term Women - India
942 ## - ADDED ENTRY ELEMENTS (KOHA)
Koha item type Thesis
Holdings
Home library Current library Shelving location Date acquired Source of acquisition Full call number Accession Number Koha item type
Henry Martyn Institute Library Henry Martyn Institute Library Reference 08/01/2024 Student 305.40954 SAN 11-4856 Thesis
                   Copyright © 2026 | Henry Martyn Institute | Hyderabad | TS-500052 | INDIA | Implemented by hmi.edu.in
Hit-Count:

Powered by Koha